| 000 | 00590nam a2200205Ia 4500 | ||
|---|---|---|---|
| 005 | 20250508170054.0 | ||
| 008 | 008 250505s9999 xx 000 0 eng d | ||
| 020 | _a978-8-178-24552-2 | ||
| 037 | _aTextual | ||
| 040 |
_aFEDL _beng _cFEDL |
||
| 041 |
_aeng _2eng |
||
| 084 |
_a371.9, MEN _qFEDL |
||
| 100 | _aMenon Latika | ||
| 245 | 0 | _aStatus of disability in India: Analysis and protection measures | |
| 260 |
_aNew Delhi, India _bKanishka Publishers _c2019 |
||
| 300 | _avi, 416p. | ||
| 365 |
_aINR _b1250 |
||
| 942 |
_cTEXL _h371.9, MEN |
||
| 999 |
_c1399066 _d1399066 |
||